Single-camera video production

Αποθηκεύτηκε σε:
Λεπτομέρειες βιβλιογραφικής εγγραφής
Κύριος συγγραφέας: Musburger, Robert B.
Μορφή: Βιβλίο
Γλώσσα:English
Δημοσίευση: Amsterdam : Focal Press, c2002
Έκδοση:3rd ed.
Θέματα:
Ετικέτες: Προσθήκη ετικέτας
Δεν υπάρχουν, Καταχωρήστε ετικέτα πρώτοι!

MARC

LEADER 00000nam a2200000 i 4500
001 1/72991
008 050309s2002 eng d
020 |a 0-240-80476-7 
035 |l 10076972 
040 |a GR-MY-UA  |b gre  |e aacr 
041 0 |a eng 
082 0 |a 778.59  |2 (21) 
100 1 |a Musburger, Robert B. 
245 1 0 |a Single-camera video production /  |c Robert B. Musburger 
250 |a 3rd ed. 
260 |a Amsterdam :   |b Focal Press,   |c c2002 
300 |a xi, 204 σ.;  |b εικ.;  |c 22 εκ. 
504 |a περιέχει βιβλιγραφικές παραπομπές (σ. 171-172) και ευρετήριο 
650 0 0 |a Video tape recorders. 
650 0 0 |a Video recordings  |x Production and direction. 
852 |a INST  |b LESVOS  |e 20050309  |h 778.59 MUS  |p 005100030123  |q 005100030123  |t BK  |y 0 
901 |a BIBL1-2005-1 
909 |a Λ  |b 113809 
920 |a ΔΙΕΥΡΥΝΣΗ  |b ΕΠΕΑΕΚ/ΠΤΕ  |y ΛΕΣΒΟΣ  |z 2004-10 
970 |a ΜΑΡΙΝΑΤΟΥ  |b ΜΥΡΣΙΝΗ  |z 2005/03/09